UK economic property and market review (Record no. 110332)
[ view plain ]
| 000 -LEADER | |
|---|---|
| fixed length control field | 01019cad a22002415a 4500 |
| 001 - CONTROL NUMBER | |
| control field | E149010 |
| 008 - FIXED-LENGTH DATA ELEMENTS--GENERAL INFORMATION | |
| fixed length control field | 091214s2009 xxkad f s 000 0 eng d |
| 035 ## - SYSTEM CONTROL NUMBER | |
| System control number | (Sirsi) u149010 |
| 041 0# - LANGUAGE CODE | |
| Language code of text/sound track or separate title | eng |
| 050 04 - LIBRARY OF CONGRESS CALL NUMBER | |
| Classification number | 333.6324 $2 18 |
| 110 2# - MAIN ENTRY--CORPORATE NAME | |
| Corporate name or jurisdiction name as entry element | GVA Grimley |
| 9 (RLIN) | 3646 |
| 245 00 - TITLE STATEMENT | |
| Title | UK economic property and market review |
| Remainder of title | Q4 2009 |
| Medium | [electronic resource] |
| 260 ## - PUBLICATION, DISTRIBUTION, ETC. | |
| Place of publication, distribution, etc. | London |
| Name of publisher, distributor, etc. | GVA Grimley |
| Date of publication, distribution, etc. | 2009 |
| 490 #0 - SERIES STATEMENT | |
| Series statement | GVA Grimley Economic and Property Market Review UK |
| Volume/sequential designation | Fourth Quarter 2009 |
| 520 ## - SUMMARY, ETC. | |
| Summary, etc. | Reports that all property rental values are forecast to fall over the next two years, although the current lack of development activity means that rents will rise again after that. |
| 521 ## - TARGET AUDIENCE NOTE | |
| Target audience note | Advanced |
| 590 ## - LOCAL NOTE (RLIN) | |
| Local note | KA NTK |
| 650 24 - SUBJECT ADDED ENTRY--TOPICAL TERM | |
| Topical term or geographic name entry element | GVA GRIMLEY ECONOMIC AND PROPERTY MARKET REVIEW UK |
| 651 #4 - SUBJECT ADDED ENTRY--GEOGRAPHIC NAME | |
| Geographic name | United Kingdom |
| Chronological subdivision | |
| 690 ## - LOCAL SUBJECT ADDED ENTRY--TOPICAL TERM (OCLC, RLIN) | |
| Topical term or geographic name as entry element | PROPERTY-COMMERCIAL PROPERTY-COMMERCIAL PROPERTY MARKET |
| 856 40 - ELECTRONIC LOCATION AND ACCESS | |
| Uniform Resource Identifier | <a href="https://www.gvagrimley.co.uk">https://www.gvagrimley.co.uk</a> |
| Public note | View this report free of charge under research at www.gvagrimley.co.uk... |
| 942 ## - ADDED ENTRY ELEMENTS (KOHA) | |
| Suppress in OPAC | 0 |
| Withdrawn status | Lost status | Source of classification or shelving scheme | Damaged status | Not for loan | Home library | Current library | Shelving location | Date acquired | Total Checkouts | Full call number | Barcode | Date last seen | Copy number | Price effective from | Koha item type |
|---|---|---|---|---|---|---|---|---|---|---|---|---|---|---|---|
| Dewey Decimal Classification | Virtual | Virtual | Online | 14/12/2009 | ONLINE PUBLICATION | 149010-2001 | 06/08/2019 | 1 | 06/08/2019 | Book |